Most Dangerous Cities in Canada - Statistics

General Stats
  • This quiz has been taken 24 times
  • The average score is 5 of 10
Answer Stats
Order Province City % Correct
4 Manitoba Winnipeg
88%
9 Ontario London
71%
10 Saskatchewan Regina
71%
1 BC Surrey
58%
6 Ontario Hamilton
50%
7 Ontario Brampton
46%
8 BC Kamloops
46%
2 BC Kelowna
46%
5 Ontario Sault Ste Marie
29%
3 Ontario Sudbury
25%
No matching quizzes found
Score Distribution
Percent of People with Each Score
Percentile by Number Answered
Your Score History
You have not taken this quiz